| 000 | 00763nam a22002295i 4500 | ||
|---|---|---|---|
| 001 | 177409 | ||
| 003 | ES-MaACL | ||
| 005 | 20251015164740.0 | ||
| 008 | 110322s1961 sp a |||| | spa d | ||
| 080 | _a75 Klee, Paul | ||
| 100 | 1 |
_aMuller, Joseph-Emile. _984131 |
|
| 245 | 1 | 0 |
_aKlee _b: figuras y máscaras / _cpor Joseph-Émile Muller ; [traducción de Juan-Eduardo Cirlot]. |
| 260 |
_aBarcelona : _bGustavo Gili, _cD. L. 1961. |
||
| 300 |
_a[12] p. , 15 h. de lám. col. : _bil. bl. y n. ; _c15 cm. |
||
| 490 | 1 |
_aMinia ; _v30 |
|
| 500 | _aÍndice. | ||
| 600 | 0 | 4 |
_aKlee, Paul. _968190 |
| 700 | 1 |
_aCirlot, Juan-Eduardo, _d1916-1973 _938898 |
|
| 830 | 0 |
_aMinia ; _v30 _9190454 |
|
| 852 |
_aES-MaACL _j2293-F-10 _xOLim P-140 |
||
| 999 |
_c177409 _d177409 |
||